ÇOCUKLAR İÇİN SHERLOCK HOLMES - GÜMÜŞ ŞİMŞEK (Record no. 983806)

MARC details
000 -LEADER
sabit uzunluktaki kontrol alanı 00280nam a2200097Ia 4500
001 - KONTROL NUMARASI
kontrol alanı 983806
005 - EN SON İŞLEMİN TARİH VE ZAMANI
kontrol alanı 20251230103402.0
008 - SABİT-UZUNLUKTA VERİ ÖĞELERİ--GENEL BİLGİ
sabit uzunluktaki kontrol alanı 250824s9999 xx 000 0 und d
245 #0 - ESER / YAZAR
ESER ADI ÇOCUKLAR İÇİN SHERLOCK HOLMES - GÜMÜŞ ŞİMŞEK
Yazar Adı SİR ARTHUR CONAN DOYLE
260 ## - YAYIN, DAĞITIM, VB.
YAYIN EVİ Ren Kitap
Holdings
Düşüm durumu Kayıp durumu Sınıflandırma Kaynağı veya raf şeması Hasar Durumu Ödünç verilmez Ana kütüphane Geçerli Kütüphane Edinilen tarih Toplam ödünç verme sayısı Tam yer numarası Barkod Son görüntüleme tarihi Son ödünç verme tarihi Fiyatın geçerli olmaya başladığı tarih Koha materyal türü
    Dewey Ondalık Sınıflama     SELÇUKLU BELEDİYESİ ORTAOKULU SELÇUKLU BELEDİYESİ ORTAOKULU 24.08.2025 1 L1 (SİR ARTHUR CONAN DOYLE) 105810154 17.10.2025 17.10.2025 26.08.2025 Books